000 00566nam a2200169Ia 4500
003 GCL
008 140319s9999 xx 000 0 ara d
040 _aGCL /
_cGCL
082 0 4 _a370.19
_bم ا
100 1 _aمحمد جواد رضا
245 1 0 _aازمات الحقيقة والحرية فى التربية العربية المعاصرة /
_cمحمد جواد رضا
300 _a267 ص
490 _aسلسلة الدراسات العلمية الوسيمية المتخصصة
_v0
650 0 4 _aالمجتمع
650 0 4 _aالتربية
942 _2ddc
_cBK
999 _c43918
_d43918